| 000 | 00820nam a22003137a 4500 | ||
|---|---|---|---|
| 001 | 00262 | ||
| 003 | DO-SdBNP | ||
| 005 | 20171120100027.0 | ||
| 007 | 00262 | ||
| 008 | 151105b1999 sp |||| |||| 00| 0 spa d | ||
| 040 |
_aBPMSU _bspa _cBPMSU |
||
| 082 | 4 |
_a823 _bD314r |
|
| 100 | 1 | _aDefoe, Daniel, | |
| 245 | 1 | 0 |
_aRobinson Crusoe / _6Daniel Defoe |
| 260 |
_aMadrid : _bAlba, _c1999 |
||
| 300 |
_a284 p. : _b _c20 cm. |
||
| 490 | 1 |
_aClásicos juveniles _v |
|
| 490 | 1 | _a | |
| 500 | _a | ||
| 650 | 4 | _aNOVELA INGLESA | |
| 650 | 4 | _aLITERATURA INGLESA | |
| 650 | 4 | _aNOVELA JUVENIL INGLESA | |
| 830 | 0 |
_a Clásicos juveniles _n _v |
|
| 830 | 0 | _a | |
| 910 | _aValidado. Control de calidad MFF | ||
| 942 |
_2ddc _cBK |
||
| 945 | _aInventariado, 2017/MFF | ||
| 956 |
_2 VMATEO _b10 _c20160708 _dBPMSU _f00069 |
||
| 999 |
_c10906 _d10906 |
||